000 00851cab a2200301 4500
001 WB3224-11
008 090401t1996 xxu||||| |||| 00| 0 eng d
035 _a(Sirsi) u34091
041 _aeng
245 _aLondon business property
260 _c1996
300 _aLOAN
350 _a0
490 _aFinancial Times
_v21 June 1996, 10-11(2)
520 _aReviews London business property market looking at the financial, leisure, retail and suburban office sectors.
650 _aCAPITAL CITIES
650 _aFINANCIAL SECTORS
650 _aGREEN BELT
650 _aLEISURE PARKS
650 _aLONDON
650 _aOFFICE PROPERTY
650 _aRETAIL PROPERTY
650 _aSUBURBAN AREAS
650 _aWORLD CITIES
690 _aPROPERTY-COMMERCIAL PROPERTY-COMMERCIAL PROPERTY MARKET
942 _n0
948 _c04/03/1997
999 _c22626
_d22626